<The> European parliament

Salvato in:
Dettagli Bibliografici
Natura: Libro
Lingua:inglese
Pubblicazione: Luxembourg Office for Official Publications of the European Communities 1997
Soggetti:
Tags: Aggiungi Tag
Nessun Tag, puoi essere il primo ad aggiungerne!!

MARC

LEADER 00000nam a2200000 4500
001 c110513
005 20221124073353.4
020 |a 92-823-0988-6 
041 0 |a eng 
044 |a LU 
245 1 0 |a <The> European parliament 
264 1 |a Luxembourg  |b Office for Official Publications of the European Communities  |c 1997 
300 |a 28 s. 
610 2 0 |a parlamenty 
610 2 0 |a Európsky parlament 
610 2 0 |a orgány zastupiteľské 
610 2 0 |a organizácie medzinárodné 
610 2 0 |a demokracia parlamentná 
610 2 0 |a vzťahy politické medzinárodné 
610 2 0 |a integrácia ekonomická medzinárodná 
610 2 0 |a politika hospodárska medzinárodná 
610 2 0 |a inštitúcia 
610 2 0 |a riadenie sociálno-ekonomické 
610 2 0 |a legislatíva 
610 2 0 |a rozpočty 
610 2 0 |a kontrola 
610 2 0 |a bezpečnosť európska 
610 2 0 |a kooperácia hospodárska medzinárodná 
610 2 0 |a vzťahy hospodárske medzinárodné 
610 2 0 |a Európska únia 
610 2 0 |a Európa